| 000 | 00000nam##2200000za#4500 |
| 001 | 9.571482 |
| 003 | CaOODSP |
| 005 | 20210624182738 |
| 007 | cr ||||||||||| |
| 008 | 150406|2005||||xxc|||||o f|0| 0 eng|d |
| 040 | |aCaOODSP|beng |
| 043 | |an-cn--- |
| 086 | 1 |aTU3-5/05-24E-PDF |
| 110 | 2 |aTransportation Safety Board of Canada. |
| 245 | 10|aMain rotor blade failure-- Tasman Helicopters Ltd., Bell 212 (helicopter) C-GNHX, Richards Landing, Ontario, 10 June 2005 |h[electronic resource] |
| 260 | |aGatineau - Quebec : |bTransportation Safety Board of Canada |c[2006]. |
| 300 | |a7p.|bphotographs |
| 490 | 1 |aAviation investigation report |vA05O0115 |
| 500 | |a"The Board authorized the release of this report on 01 November 2006."--Page 7 of 7. |
| 590 | |a12-20-Supp|b2012-05-09 |
| 775 | 08|tDéfaillance d'une pale du rotor principal de l'hélicoptère Bell 212 C-GNHX exploité par Tasman Helicopters Ltd à Richards Landing (Ontario), le 10 juin 2005 |w(CaOODSP)9.602075 |
| 830 | #0|aAviation investigation report ;|vA05O0115|w(CaOODSP)9.504825 |
| 856 | 40|ahttp://publications.gc.ca|qPDF|s273 KB|uhttps://publications.gc.ca/collections/collection_2011/bst-tsb/TU3-5-05-24-eng.pdf|yA05O0115 |